000 00374nam a2200145Ia 4500
008 231129s2000||||xx |||||||||||||| ||spa||
020 _a958-04-6005-1
040 _bspa
082 _a306 รณ77m
100 _aOrtiz Renato
245 0 _aModernidad y espacio Benjamin en Paris
260 _c2000
264 _aNorma
942 _2ddc
_cBKS
999 _c21346
_d21346